000 00356nam a22001337a 4500
008 180911b xxu||||| |||| 00| 0 eng d
020 _a9781455749195
041 _aeng
080 _a616.053
100 _a8
101 _aPED
245 _aPediatrics Clinics Of North America Safety And Reliability In Pediatrics
_cJacobs B R
942 _2udc
_cBK
999 _c47655
_d47655